د کنی ا د ب کی تا ر يخ (Record no. 171721)

MARC details
000 -LEADER
fixed length control field 00649nam a22001937a 4500
005 - DATE AND TIME OF LATEST TRANSACTION
control field 20200117171744.0
010 ## - LCCN (DPL NO)
LC control number 178018
020 ## - INTERNATIONAL STANDARD BOOK NUMBER
Terms of availability 3.25
International Standard Book Number -
035 ## - SYSTEM CONTROL NUMBER
System control number 178018
037 ## - SOURCE OF ACQUISITION
Source of stock number/acquisition BPPD/Pub.
Stock number -
082 ## - DEWEY DECIMAL CLASSIFICATION NUMBER
Classification number 840.9
100 ## - MAIN ENTRY--PERSONAL NAME
Personal name محی ا لد ين قا د ر ی ز و ر
245 ## - TITLE STATEMENT
Title د کنی ا د ب کی تا ر يخ
Statement of responsibility, etc محی ا لد ين قا د ر ی ز و ر
246 ## - VARYING FORM OF TITLE
Remainder of title Dakini Adab ki Tareekh (Urdu)
Title proper/short title by Mohiuddin Qadri Zore
260 ## - PUBLICATION, DISTRIBUTION, ETC. (IMPRINT)
Place of publication, distribution, etc Pakistan
Name of publisher, distributor, etc Urdu Academy Sindh
Date of publication, distribution, etc 1960 ء
270 ## - ADDRESS
Address Nishat Educational Press,
City Kiranchi
Postal code -
Telephone number -
Fax number -
300 ## - PHYSICAL DESCRIPTION
Extent 188 ص
Dimensions 22 Cm(Hb)
942 ## - ADDED ENTRY ELEMENTS (KOHA)
Source of classification or shelving scheme Dewey Decimal Classification
Item type Urdu Bks
Classification part 840.9
Call number suffix ق ا د
Holdings
Withdrawn status Lost status Not for loan Collection code Home library Current library Date acquired Source of acquisition Cost, normal purchase price Full call number Barcode Copy number Cost, replacement price Koha item type
      Non-fiction Central Library Central Library 17/01/2020 BPPD/Ven. 3.25 840.9 ق ا د 178018 1 3.25 Urdu Bks

© Delhi Public Library
Hit Counter
free hit counter